000 00726nam a2200241 i 4500
001 C2-0258615
003 PPAK
005 20180727225219.0
008 041007s2004 my a|||| ||||| | eng d
020 _a9839949632 ; 9789839949636
040 _aPPAK
_beng
_cPPAK
_erda
082 0 4 _a030.9595
_223
090 0 0 _a030.9595
_bMAL
_dR
245 0 4 _aThe Malaysia book of records
264 1 _aKuala Lumpur :
_bMalaysia Book of Records ,
_c2004
300 _a312 pages :
_bcolour photographs ;
_c31 cm
336 _2rdacontent
_atext
337 _2rdamedia
_aunmediated
338 _2rdacarrier
_avolume
500 _aGold edition
650 1 0 _aWorld records - Malaysia. ; Curiosities and wonders - Malaysia.
942 _ddc
_cB
999 _c70187
_d70187